Corporate social responsibility and good governance in the millennial age / (Record no. 294)

MARC details
000 -LEADER
fixed length control field 00700nam a22001937a 4500
005 - DATE AND TIME OF LATEST TRANSACTION
control field 20230529054430.0
008 - FIXED-LENGTH DATA ELEMENTS--GENERAL INFORMATION
fixed length control field 221203b |||||||| |||| 00| 0 eng d
020 ## - INTERNATIONAL STANDARD BOOK NUMBER
International Standard Book Number 978-621-427-063-7
082 ## - DEWEY DECIMAL CLASSIFICATION NUMBER
Classification number Grad/Fil. 658.408 Se487 2019
100 ## - MAIN ENTRY--PERSONAL NAME
Personal name Serano, Angelita C.
Relator term author
245 ## - TITLE STATEMENT
Title Corporate social responsibility and good governance in the millennial age /
Statement of responsibility, etc. Prof. Angelita Ong Camillar-Serrano
260 ## - PUBLICATION, DISTRIBUTION, ETC.
Place of publication, distribution, etc. Manila:
Name of publisher, distributor, etc. Unlimited Books Library Services and Publishing,
Date of publication, distribution, etc. c2019.
300 ## - PHYSICAL DESCRIPTION
Extent viii, 286p.
504 ## - BIBLIOGRAPHY, ETC. NOTE
Bibliography, etc. note Includes reference
541 ## - IMMEDIATE SOURCE OF ACQUISITION NOTE
Accession number 6832 c.1, 6833 c.2, 6834 c.3
650 ## - SUBJECT ADDED ENTRY--TOPICAL TERM
Topical term or geographic name entry element Social responsibility of business
650 ## - SUBJECT ADDED ENTRY--TOPICAL TERM
Topical term or geographic name entry element Business ethics
650 ## - SUBJECT ADDED ENTRY--TOPICAL TERM
Topical term or geographic name entry element Corporate governance
Holdings
Withdrawn status Lost status Source of classification or shelving scheme Damaged status Not for loan Home library Current library Date acquired Total Checkouts Full call number Barcode Date last seen Copy number Price effective from Koha item type
    Dewey Decimal Classification     ctu-moalboal ctu-moalboal 03/03/2021   Grad./Fil. 658.408 Se487 2019 6832 12/03/2022 1 12/03/2022 Books - Graduate School
    Dewey Decimal Classification     ctu-moalboal ctu-moalboal 03/03/2021   Grad./Fil. 658.408 Se487 2019 6833 12/03/2022 2 12/03/2022 Books - Graduate School
    Dewey Decimal Classification     ctu-moalboal ctu-moalboal 03/03/2021   Grad./Fil. 658.408 Se487 2019 6834 12/03/2022 3 12/03/2022 Books-Filipiniana